Management Control Systems / International Student Edition: Eighth Edition (Record no. 796)
[ view plain ]
| 000 -LEADER | |
|---|---|
| fixed length control field | 01601cam a22002294a 4500 |
| 005 - ΗΜΕΡΟΜΗΝΙΑ ΚΑΙ ΩΡΑ ΤΕΛΕΥΤΑΙΑΣ ΕΝΗΜΕΡΩΣΗΣ | |
| Πεδίο ελέγχου | 20250605163946.0 |
| 008 - FIXED-LENGTH DATA ELEMENTS--GENERAL INFORMATION | |
| Πεδίο ελέγχου σταθερού μήκους | 250528s ||||||||||||||||||||||||d |
| 035 ## - SYSTEM CONTROL NUMBER | |
| System control number | 15202 |
| 020 ## - ISBN | |
| ISBN | 256165505 |
| 040 ## - ΠΗΓΗ ΚΑΤΑΛΟΓΟΓΡΑΦΗΣΗΣ | |
| Φορέας πρωτότυπης καταλογογράφησης | MC Athens Campus Library |
| Γλώσσα καταλογογράφησης | Ελληνικά, Μοντέρνα (1453-) |
| Modifying agency | MC Athens Campus Library |
| Κανόνες περιγραφικής καταλογογράφησης | AACR2 |
| 245 1# - ΤΙΤΛΟΣ ΚΑΙ ΔΗΛΩΣΗ ΥΠΕΥΘΥΝΟΤΗΤΑΣ | |
| Τίτλος | Management Control Systems / International Student Edition: Eighth Edition |
| 250 ## - EDITION STATEMENT | |
| Edition statement | 8th |
| 260 ## - PUBLICATION, DISTRIBUTION, ETC. | |
| Name of publisher, distributor, etc. | Irwin Mcgraw-Hill, |
| Date of publication, distribution, etc. | 1995 |
| 300 ## - PHYSICAL DESCRIPTION | |
| Extent | 894 |
| 505 0# - FORMATTED CONTENTS NOTE | |
| Formatted contents note | The Nature of Management Control Systems, Behavior in Organizations, Responsibility Centers: Revenue and Expense Centers, Profit Centers, Transfer Pricing, Measuring and Controlling Assets Employed, Understanding Strategies, Strategic Planning, Budget Preparation, Management Control of Operations, Analyzing Performance Reports, Management Compensation, Control for Differentiated Strategies, Service Organizations, Financial Service Organizations, Multinational Organizations, Management Control of Projects. |
| 520 ## - SUMMARY, ETC. | |
| Summary, etc. | The Nature of Management Control Systems, Behavior in Organizations, Responsibility Centers: Revenue and Expense Centers, Profit Centers, Transfer Pricing, Measuring and Controlling Assets Employed, Understanding Strategies, Strategic Planning, Budget Preparation, Management Control of Operations, Analyzing Performance Reports, Management Compensation, Control for Differentiated Strategies, Service Organizations, Financial Service Organizations, Multinational Organizations, Management Control of Projects. |
| 700 1# - ΠΡΟΣΘΕΤΗ ΑΝΑΓΡΑΦΗ--ΦΥΣΙΚΟ ΠΡΟΣΩΠΟ | |
| Personal name | Anthony N. Robert |
| 9 (RLIN) | 1091 |
| 700 1# - ΠΡΟΣΘΕΤΗ ΑΝΑΓΡΑΦΗ--ΦΥΣΙΚΟ ΠΡΟΣΩΠΟ | |
| Personal name | Govindarajan Vijay |
| 9 (RLIN) | 1092 |
| 942 ## - ADDED ENTRY ELEMENTS (KOHA) | |
| Koha item type | Books |
| Τύπος τεκμηρίου | Βιβλιοθήκη | Τρέχουσα τοποθεσία | Barcode | Αριθμός εισαγωγής | Ημερομηνία απόκτησης | Ταξιθετικό σύμβολο | Αριθμός αντιτύπου | Κατάσταση απόσυρσης | Κατάσταση χαμένου | Κατάσταση κατεστραμμένου | Μη δανεισμός | Σύνολο δανεισμών | Ημερομηνία τελευταίας εμφάνισης | Η τιμή ισχύει από |
|---|---|---|---|---|---|---|---|---|---|---|---|---|---|---|
| Books | MC Athens Campus Library | MC Athens Campus Library | 9780000007957 | 1438 | 05/06/2025 | 658.15 ANT | 1 | 05/06/2025 | 05/06/2025 |